[Event "Wijk aan Zee"]
[Site "?"]
[Date "2004.??.??"]
[Round "?"]
[White "Anand, V."]
[Black "Shirov, A."]
[Result "1-0"]
[WhiteElo "2766"]
[BlackElo "2736"]
[PlyCount "111"]
[EventDate "2004.??.??"]

1. e4 e5 2. Nf3 Nf6 3. Nxe5 d6 4. Nf3 Nxe4 5. d4 d5 6. Bd3 Bd6 7. O-O O-O 8.
Re1 Bf5 9. c4 c6 10. cxd5 cxd5 11. Nc3 Nxc3 12. bxc3 Bxd3 13. Qxd3 Nd7 14. Qf5
Nb6 $146 (14... Nf6 15. Bg5 Qc8 16. Nh4 $1 (16. Qxc8 Raxc8 17. Bxf6 gxf6 18.
Re3 {/\ Nh4-f5}) 16... Ne4 17. Qxd5 Nxg5 18. Qxg5 $16) 15. Ng5 g6 16. Qh3 h5
17. g4 Qd7 18. gxh5 Qxh3 19. Nxh3 Rfe8 $1 (19... gxh5 20. Bf4 Rfd8 21. Kh1 $1
Kf8 (21... f6 22. Re6 Bxf4 23. Nxf4 Kf7 24. Rae1 $16) 22. Re3 $1 $16 {/\ Rg1})
20. Bf4 Bxf4 21. Nxf4 g5 $1 22. Nh3 $1 Na4 (22... g4 23. Nf4) 23. Rac1 $1 Rxe1+
24. Rxe1 Nxc3 $2 {Shirov kihagyta a remiesélyt biztosító} (24... g4 $1 25. Ng5
(25. Nf4 Nxc3 26. Re5 Nxa2 27. Nxd5 a5 28. Rg5+ Kh7 29. Nf6+ Kh6 30. Rb5 (30.
Rc5 a4 31. Nxg4+ Kh7 $1 (31... Kg7 $2 32. Rg5+ Kh8 33. Nf6) 32. Rc7 (32. Rg5 a3
33. h6 Ra6 $1) 32... Kg7) 30... Kg7 31. Nxg4 Nc3 $11) 25... Kg7 $1 (25... Nxc3
26. Re7 Kg7 27. Nxf7 Nxa2 28. Kg2 $1 b5 $140 29. Kg3 Nc3 (29... b4 30. h6+ $1
Kg6 31. Kxg4 Nc3 32. f4 Ne4 33. f5+ Kf6 34. Rd7 $1 $18) 30. Kh4 $1 (30. Kxg4
Kf6 31. Rc7 Rg8+ 32. Kf4 Rg7 33. Rxc3 Rxf7) (30. Ng5+ Kf6 31. Re5 Ne4+ 32.
Nxe4+ dxe4 33. Rxb5 Rd8) 30... Kf6 31. Rb7 Ne2 32. Ng5 Nxd4 33. Kxg4 $16) 26.
Kg2 Kf6 $1 (26... Kh6 27. Nxf7+ Kxh5 28. Re6 $18) (26... Nxc3 27. Kg3 $1 f6 28.
Ne6+ Kh6 29. Kxg4 Rg8+ 30. Kf5 $36) 27. Re5 (27. h4 gxh3+ 28. Nxh3 Nxc3 29. Nf4
b5 $1 $11) 27... Rg8 28. h6 Kg6 $1 29. Rxd5 Nxc3 $11) 25. Re7 $1 Kg7 $6 (25...
f6 26. h6 $1 $16 (26. f4 g4 (26... Ne4 $1 27. Nf2 (27. fxg5 fxg5 28. Nf2 Nxf2
29. Kxf2 Rf8+ 30. Kg3 Rf4 $11) 27... Nxf2 28. Kxf2 Rc8 29. fxg5 fxg5 30. Rxb7
Rc2+ 31. Kg3 Rxa2 32. Kg4 Ra4 33. Kf5 Rxd4 34. Kg6 Rf4 $11 {/\ Rf8}) 27. Nf2 f5
28. Nd3 {(/\ Ne5, h6+-)} a5 $1 29. Ne5 (29. h6 Ra6 30. h7+ Kh8 31. Nc5 Rb6 32.
Ne6 Ne4) 29... Ra6 $132) (26. f3 Rf8 $1 (26... Nxa2 27. Nf2 f5 28. Nh3 a5 $1
29. h6 Ra6 30. h7+ Kh8 31. Nxg5 Ra8 32. h4 Nc1 (32... Nb4 33. Rxb7 $1 Nc2 (
33... Nc6 34. Nf7+ Kxh7 35. Ne5+ $18)) 33. h5 (33. Ne6 Nd3 $1 {><f4}) 33... a4
(33... b5 34. Kf1 b4 35. Ne6 {(/\ Nf4-g6)} Nd3 36. Ke2 Nc1+ 37. Kd1 Nd3 38. Kd2
$18) 34. h6 b5 (34... a3 35. Rxb7 a2 (35... Ne2+ 36. Kf2 Nxd4 37. Rg7 Rf8 38.
Nf7+ Rxf7 39. Rxf7 Nb5 40. Rxf5 a2 41. Rf8+ Kxh7 42. Ra8 Nc3 43. Ke3 Kxh6 44.
Kd3 $18) 36. Rg7 Rf8 37. Ra7) 35. Rg7 Rf8 36. Ra7) 27. Rxb7 Rf7 $11)) 26. Rc7
$1 Ne2+ (26... Nxa2 27. Nxg5 Kh6 28. Nxf7+ Kxh5 29. Ne5 b5 30. f4 $16) 27. Kf1
Nxd4 (27... g4 28. Ng5 $1 (28. Kxe2 gxh3 29. Rxb7 Re8+ 30. Kf3 (30. Kd3 Re1 31.
Rxa7 Rh1) 30... Re4 31. h6+ Kxh6 32. Rxf7 Rxd4 33. Rxa7 Rd3+ 34. Kg4 Rd2 35.
Ra6+ Kg7 36. Kg3 d4 37. f3 d3 38. Kxh3 Rc2 39. Rd6 Rxa2 40. Rxd3 $14) 28...
Nxd4 29. Nxf7 Kf6 30. h6 Ne6 31. Rxb7 Nc5 32. Rc7 Ne6 33. Rd7 Nf8 (33... Nc5
34. Rxd5 $18) 34. Rb7 $16) 28. Nxg5 Kh6 29. Nxf7+ Kxh5 30. Rxb7 Nf3 (30... Kg6
31. Rd7 Nc6 32. h4 $16) 31. Rb5 $1 Kg6 32. Rxd5 Nxh2+ 33. Kg2 Kxf7 (33... Ng4
34. Ne5+ Nxe5 35. Rxe5 $18) 34. Kxh2 Ke6 35. Ra5 $18 Kd6 36. f4 $4 {Anand
szokásához híven gyorsan húzott és hibázott.} (36. f3 $1 Rf8 37. Kg3 Rf7 (37...
Rg8+ 38. Kf2 Rg7 39. f4 $18) 38. f4 $18) 36... Rg8 37. f5 (37. Rxa7 Ke6 38. Ra4
Kf5 39. Rb4 Kg4 40. Kg2 Rc8 41. a4 Rc2+ 42. Kf1 Kf3 43. Ke1 Ke3 44. Kd1 Ra2 45.
Kc1 (45. f5 Kd3 46. Kc1 Kc3 47. Kb1 Rf2 48. Rb5 Rf4 49. a5 Kc4 50. Re5 Kd4 $11)
45... Kd3 46. Kb1 Rf2 47. a5 Kc3 48. Re4 Rb2+ $1 (48... Kd3 49. a6 $1 $18 (49.
Ra4 Kc3 50. a6 Rf1+ 51. Ka2 Rf2+ 52. Ka3 Rf1 $11)) 49. Kc1 Ra2 $1 (49... Rh2
50. Re3+ Kb4 (50... Kd4 51. Ra3 $18) 51. a6 Ra2 52. Re6 $18) (49... Rf2 50. Kd1
Kd3 51. Ke1 Ra2 52. Re8 $1 (52. Re5 $2 Ra4 $11) 52... Kd4 $1 53. Re5 (53. Kf1
Rxa5 54. Kf2 Ra3 $11) (53. Ra8 Ke3 54. Kd1 Kd3 55. Kc1 Kc3 56. Kb1 Rb2+ 57. Ka1
Rf2 $11) 53... Kc4 54. f5 Kd4 55. Rb5 Ke3 $11) 50. Re3+ Kc4 $3 (50... Kd4 51.
Re5 Rf2 52. a6 Rxf4 53. Ra5 Rf8 54. a7 Ra8 55. Kb2 Kc4 56. Ka3 $18) 51. Re5 (
51. Re8 Rxa5 52. Kd2) 51... Rf2 52. a6 Rxf4 53. Ra5 Rf8 $11) 37... Ke7 (37...
Rg7 38. Kh3 $18) 38. Rxa7+ Kf6 39. Ra5 Rg4 $1 40. a4 Rb4 $4 {Az idõzavar
utolsó lépése, és kimaradt a remihez vezetõ folytatás.} (40... Rg8 41. Rb5 Rg4
42. a5 Kg5 43. Kh3 Rg1 44. Rd5 Kf6 45. Kh4 Rg2 46. a6 Ra2 $11) 41. Kg3 $18 Rc4
42. Kf3 Rh4 43. Ke3 Rg4 44. Kd3 Rf4 (44... Rh4 {- 47...Rh4}) 45. Ra8 $1 Kg7 46.
Ra7+ Kf6 47. Ra5 Rh4 (47... Kg5 $1 48. Kc3 (48. Ra8 Rf3+ $1 49. Kd2 Rf2+ 50.
Ke3 Rxf5 $11) 48... Kf6 (48... Rf3+ 49. Kb4 Rf4+ 50. Kb5 $18) 49. Ra8 $1 Rf3+ (
49... Kg7 50. Ra7+ Kf8 (50... Kf6 51. a5 $1 Rxf5 52. a6 Ra5 53. Kb4 Ra1 54. Ra8
$18) 51. Ra6 $1 Rxf5 52. Re6 $1 Rf4 53. Kb3 Kf7 54. Re3 $18) 50. Kb4 Rf4+ 51.
Kb5 Rxf5+ 52. Kb6 $18) 48. Kc3 $2 (48. Ra8 $18) 48... Rf4 49. Kd3 (49. Kb3 Rf3+
50. Kc4 Rf4+ 51. Kb5 Rxf5+ $11) 49... Rh4 50. Ra8 $18 Kxf5 51. a5 Kg6 52. a6
Kg7 53. Ra7+ (53. Kc3 $4 Rh6 54. Kb4 Rf6 $11) 53... Kf6 (53... Kg8 54. Rb7) 54.
Kc3 Re4 (54... Ra4 55. Ra8 Kf7 (55... Kg7 56. Kb3 Rf4 57. Rb8) 56. Kb3 Ra1 57.
Kb4) 55. Rh7 Ra4 56. a7 (56. a7 Ke6 (56... Kg6 57. Rc7) 57. Kb3 Ra1 58. Kb4 Kd6
59. Kb5 {/\ Kb6-b7}) 1-0

[Event "Corus"]
[Site "Wijk aan Zee"]
[Date "2005.??.??"]
[Round "?"]
[White "Anand, V."]
[Black "Adams, M."]
[Result "1-0"]
[WhiteElo "2786"]
[BlackElo "2741"]
[PlyCount "84"]
[EventDate "2005.01.15"]
[EventType "tourn"]
[EventRounds "13"]
[EventCountry "NED"]
[EventCategory "19"]

1. d4 Nf6 2. c4 e6 3. Nf3 b6 4. g3 Ba6 5. b3 Bb4+ 6. Bd2 Be7 7. Bg2 c6 8. Bc3
d5 9. Ne5 Nfd7 10. Nxd7 Nxd7 11. Nd2 O-O 12. O-O Nf6 ({A linaresi tornára
Adams már jobban készült.} 12... Rc8 13. e4 b5 14. Re1 dxe4 15. Bxe4 bxc4 16.
Nxc4 Nb6 17. Nxb6 axb6 18. Qc2 h6 19. a4 Qc7 20. Red1 Rfd8 21. Rac1 Qa7 22. Bb2
b5 23. Ra1 bxa4 24. bxa4 $2 (24. Rxa4 $142 $11) 24... Bf6 25. Qd2 c5 $17 {
Anand,V-Adams,M/Linares 2005}) 13. e4 b5 14. exd5 cxd5 (14... exd5 15. Re1 Rb8
16. c5 Bc8 $1 17. Nf3 Ne4 18. Ne5 Nxc3 19. Qd3 Qc7 20. Qxc3 Re8 21. a4 b4 22.
Qf3 Bf8 23. Re3 f6 24. Nd3 Rxe3 25. fxe3 a5 $1 {1/2-1/2 Kramnyik,V-Lékó,P/
Dortmund 2004}) 15. c5 b4 16. Bxb4 Bxf1 17. Bxf1 (17. Nxf1 e5 $140 $2 18. dxe5
$16) 17... e5 {Adams az aktív játékot választja.} (17... Qc7 18. Bc3 Nd7 (18...
a5 19. a3) 19. b4 Bf6 20. Rc1 {és sötétnek nincs kibontakozási lehetõsége.}) (
17... Ne4 18. Nxe4 dxe4 19. Bc3 e5 20. b4 {és a világos vezérszárnyi gyalogok
fenyegetõen nyomulhatnak elõre.}) 18. Bc3 (18. dxe5 $6 Nd7) 18... a5 $1 (18...
Ne4 19. Nxe4 dxe4 20. b4 exd4 21. Qxd4 Qxd4 22. Bxd4 Rfd8 23. Be3 $16) 19. a3
Ne4 20. Nxe4 dxe4 21. b4 axb4 (21... exd4 22. Qxd4 Qxd4 23. Bxd4 Rfd8 24. Bc3
$16) 22. axb4 Rxa1 23. Qxa1 Qd5 $1 (23... exd4 24. Bxd4 Bf6 25. Bxf6 gxf6 26.
b5 Re8 27. c6) 24. dxe5 Ra8 (24... e3 25. fxe3 Ra8 26. Qb1 $18) 25. Qc1 Ra2 26.
Qe3 Rc2 27. Qd4 $1 Qxd4 (27... Qb3 28. Bd2 $18 Qb2 29. Qd7 Rxd2 30. Qxe7 g6 31.
e6 fxe6 32. Qxe6+ Kf8 (32... Kg7 33. Qe7+ Kh6 34. Qxe4 $18) 33. Bc4 Rxf2 34.
Qg8+ Ke7 35. Qxh7+ Kd8 36. Qg8+ Kc7) 28. Bxd4 Kf8 29. h4 Ke8 (29... h5 30. Ba6
g6 31. Kf1 Ke8 32. Ke1 Kd7 33. Kd1 Ra2 34. Bc4 Ra3 35. Kc2 $18) (29... g6 $1)
30. e6 $1 fxe6 $2 {A döntõ hiba.} (30... f6 $142 31. Ba6 Kd8 32. Kf1 Kc7 33.
Ke1 $18) (30... Bf6 $6 31. exf7+ Kxf7 32. Be3 Ke6 33. Ba6 Bc3 34. b5 Bd2 35.
Bxd2 Rxd2 36. Bb7 Rc2 37. Bxe4 Rxc5 38. b6 Rb5 39. b7 $18) 31. Bxg7 $18 Rc1 32.
Bd4 Kd7 33. Be3 Rc3 34. Bd4 Rc1 35. Kg2 Kc6 36. Be3 Rc2 37. Ba6 Kc7 (37... Rb2
38. b5+ Rxb5 39. Bxb5+ Kxb5 40. g4 Bxc5 41. Bxc5 Kxc5 42. Kg3) 38. Kh3 Rc3 (
38... h5 39. g4 $18) 39. Bd4 Rb3 40. b5 Rd3 41. b6+ Kc6 42. Bb5+ $1 Kd5 (42...
Kxb5 43. b7) 1-0

[Event "San Luis VB"]
[Site "?"]
[Date "2005.??.??"]
[Round "?"]
[White "Anand, V."]
[Black "Adams, M."]
[Result "1-0"]
[WhiteElo "2788"]
[BlackElo "2719"]
[PlyCount "63"]
[EventDate "2005.??.??"]

1. e4 e5 2. Nf3 Nc6 3. Bb5 a6 4. Ba4 Nf6 5. O-O Be7 6. Re1 b5 7. Bb3 d6 8. c3
O-O 9. h3 Bb7 10. d4 Re8 11. Nbd2 Bf8 12. a4 h6 13. Bc2 exd4 14. cxd4 Nb4 15.
Bb1 c5 16. d5 Nd7 17. Ra3 c4 (17... f5 {változat is mûsoron volt Kaszparov és
Karpov világbajnoki döntõin, de az utóbbi évek partijaiban világos 18.Hh2,
majd Bg3 manõverekkel sok szép nyerést könyvelhetett el.}) 18. axb5 (18. Nd4
Qb6 19. Nf5 g6 20. Rg3 Nc5 $5 21. b3 $1 Ncd3 22. Ree3 Nxc1 $6 23. Qxc1 cxb3 24.
a5 $1 Qxa5 25. Nxb3 Qd8 26. Ref3 g5 27. h4 f6 28. hxg5 hxg5 29. Qd2 a5 30. Rh3
$1 Bc8 31. Nbd4 Bxf5 32. Nxf5 Rc8 33. Rh5 $1 Qc7 34. Kh2 $1 Qc1 35. Qd4 Re5 36.
Rfh3 Qxb1 37. Rh8+ Kf7 38. R3h7+ Ke8 39. Qxe5+ {Abreu-Vasquez, Spanyolo. 2003})
18... axb5 19. Nd4 Qb6 20. Nf5 Ne5 21. Rg3 g6 ({Az EU-s bajnokságon a
Kotronias-Fox parti mindössze 27 lépésig tartott.} 21... Kh7 22. Nf3 Nbd3 23.
Be3 Qc7 24. Bxd3 Nxd3 25. Bxh6 $1 g6 26. Bxf8 Rxf8 27. Qd2 $1 {és sötét
feladta.}) 22. Nf3 Ned3 23. Qd2 $1 $146 {Anand 15 percet gondolkodott,
gondolataiban ellenõrizte a jóval korábban már kidolgozott változatokat, és
jöhetett a jelentõs megnyitási újítás.} (23. Be3 Qd8 24. Bd4 Bc8 25. Bxd3 Nxd3
26. Re3 Kh7 27. b3 {is világos sikeréhez vezetett két kevésbé ismeretlen
sakkozó játszmájában, de Anand áldozatokkal fûszerezett direkt támadása a
sötét király ellen az igazi megoldás. Adamsnek már nem segíthetett angolos
hidegvére. Szomorúan számolgathatta, hogy minden variban veszít.}) 23... Bxd5 {
Az angol nagymestert láthatóan meglepte az újítás. Korábban} (23... Kh7 24.
Nxh6 Nxe1 25. Nxe1 Qc7 26. Nf3) (23... Nxe1 24. Nxe1 Ra1 25. Nxh6+ Bxh6 26.
Qxh6 Rxb1 27. Rxg6+ fxg6 28. Qxg6+ Kf8 (28... Kh8 29. Qxe8+ Kg7 30. Qe7+ Kg8
31. Qe6+ $1) 29. Bh6+ Ke7 30. Bg5+ Kf8 31. Bf6 Rxe1+ 32. Kh2 {Sötétnek hiába
van döntõ anyagi elõnye, a matt védhetetlen.}) 24. Nxh6+ $1 (24. exd5 $2 Nxe1
25. Nxe1 Ra1) 24... Bxh6 25. Qxh6 Qxf2+ 26. Kh2 Nxe1 {Adams talán azt remélte,
hogy világos kénytelen bástyaáldozattal remizni, ehelyett következett} (26...
Bxe4 27. Ng5 Nxe1 28. Bxe4 Qf6 29. Nxf7 $1) 27. Nh4 $1 {A g6 mezõn elvérzik
sötét.} Ned3 (27... Bxe4 28. Bxe4 Rxe4 29. Nxg6 Qxg3+ 30. Kxg3 fxg6 31. Qxg6+
Kh8 32. Bg5) (27... Nf3+ 28. Rxf3 Qd4 29. exd5 Qg7 30. Nf5 $1) (27... Re7 28.
exd5 Ned3 29. Nxg6 Qxg3+ 30. Kxg3 fxg6 31. Bg5) (27... Ra7 28. Nf5 Qxg3+ 29.
Kxg3 gxf5 30. Qg5+ Kf8 31. Qf6 Re6 32. Qh8+ Ke7 33. Bg5+ Kd7 34. exd5) 28. Nxg6
Qxg3+ 29. Kxg3 fxg6 30. Qxg6+ Kf8 31. Qf6+ Kg8 32. Bh6 {és sötét feladta, 32...
Ba7-re, 33.Vg6+ lenyeri az e8 bástyát.} 1-0

[Event "Szofia 97/236"]
[Site "?"]
[Date "2006.??.??"]
[Round "?"]
[White "Topalov, V."]
[Black "Anand, V."]
[Result "0-1"]
[WhiteElo "2804"]
[BlackElo "2803"]
[PlyCount "72"]
[EventDate "2006.??.??"]

1. e4 e5 2. Nf3 Nc6 3. Bb5 a6 4. Ba4 Nf6 5. O-O Be7 6. Re1 b5 7. Bb3 O-O 8. h3
Bb7 9. d3 Re8 10. c3 h6 11. Nbd2 Bf8 12. a3 d6 13. Ba2 Nb8 14. b4 $5 $146 c5
15. Nb3 Nc6 16. Rb1 (16. Be3 a5 $1 17. bxc5 a4 $36) 16... Bc8 $1 17. Be3 Be6
$11 18. Qc2 Rc8 (18... Nd7 $5) 19. Qb2 c4 20. dxc4 Bxc4 21. Nbd2 Bxa2 (21...
Bd3 22. Rbd1 Nxe4 (22... Bxe4 23. Nxe4 Nxe4 24. Bxh6 Nxc3 25. Qxc3 gxh6 26. Qd3
$44) 23. Nxe4 Bxe4 24. Bg5 $1 hxg5 25. Rxe4 $44) 22. Qxa2 d5 23. Rbd1 $1 d4 (
23... Re7 $5 24. exd5 Qxd5 25. c4 Qe6) 24. cxd4 exd4 25. Nb3 (25. Nxd4 Nxd4 26.
Nb3 $11) (25. Bf4 $1 Qd7 $13) 25... Nxe4 26. Bxd4 $2 (26. Qb2 $1 $11) 26...
Nxd4 27. Rxd4 $8 Ng5 $1 {Topalov elnézte a közbeiktatott lépést.} 28. Ne5 (28.
Rxd8 Nxf3+ 29. gxf3 Rxe1+ 30. Kg2 Rxd8 $17) 28... Nxh3+ 29. gxh3 (29. Kf1 Qg5
30. Rde4 Nf4 31. g3 Qh5 32. Kg1 Ng6 $17) 29... Qg5+ 30. Kh2 Qf5 $3 {Még
erõsebb, mint} (30... Rxe5 31. f4 Qg6 32. Rxe5 Rc2+ 33. Qxc2 Qxc2+ 34. Nd2 $15)
31. Rde4 (31. Nd3 Rxe1 32. Nxe1 Rc3 $1 33. Nd3 Rxd3 34. Rxd3 Qxd3 $19) 31...
Rxe5 $1 (31... Bd6 $5 32. f4 Rc3) 32. Rxe5 Bd6 33. Nc5 Bxe5+ 34. Kg2 Rc6 35.
Qb3 Rg6+ 36. Kf1 Bg3 0-1

[Event "Corus"]
[Site "Wijk aan Zee"]
[Date "2006.??.??"]
[Round "1"]
[White "Karjakin, S."]
[Black "Anand, V."]
[Result "0-1"]
[WhiteElo "2660"]
[BlackElo "2792"]
[PlyCount "74"]
[EventDate "2006.01.14"]
[EventType "tourn"]
[EventRounds "13"]
[EventCountry "NED"]
[EventCategory "19"]

1. e4 c5 2. Nf3 d6 3. d4 cxd4 4. Nxd4 Nf6 5. Nc3 a6 6. Be3 e5 7. Nb3 Be6 8. f3
Be7 9. Qd2 O-O 10. O-O-O Nbd7 11. g4 b5 12. g5 b4 13. Ne2 Ne8 14. f4 (14. h4 a5
15. Kb1 a4 16. Nbc1 Nb6 17. Ng3 d5 18. Bxb6 Qxb6 19. exd5 Rd8 20. Bc4 Nc7 21.
dxe6 Rxd2 22. exf7+ Kh8 23. Rxd2 Qc6 24. b3 Nb5 25. Bxb5 Qxb5 26. bxa4 Qxa4 27.
Rhd1 Rxf7 28. Rd7 Kg8 29. Ne4 {és döntetlen, Lékó-Karjakin, Wijk aan Zee, 2006.
}) 14... a5 15. f5 a4 16. Nbd4 exd4 17. Nxd4 b3 18. Kb1 bxc2+ 19. Nxc2 Bb3 20.
axb3 axb3 21. Na3 Ne5 (21... d5 22. Qxd5 Bxa3 23. Qxd7 Qa5 24. Qb5 Qc7 25. Qc4
Qa5 {és lépésismétléssel remi lett Foroszban Harikrishna és Karjakin
összecsapása.}) 22. h4 Ra5 23. Qc3 $6 {Karjakin újítása, de balszerencséjére
éppen Anand ellnen próbálkozott vele.} (23. Qe2 d5 24. Rxd5 Rxd5 25. exd5 Bxa3
26. bxa3 Nd6 27. Bc5 Re8 {és Lékó-Vallejo pons játszma kalandos remi lett a
tavalyi monacói tornán.}) (23. Qb4 Qa8 24. Bb6 Ra4 25. Qxb3 Qxe4+ 26. Nc2 Ra8
27. Qd5 Qxd5 28. Rxd5 {kísérlet s döntetlnnel zárult a moszkvai  Najer,E
-Popov partiban.}) 23... Qa8 24. Bg2 Nc7 $3 {Derült égbõl vilámcsapás!} 25.
Qxc7 {A tisztáldozatot el kellett fogadni, egyéb lépések fonalasan vesztettek.}
(25. Bd2 Ra7 26. Rh3 Rb8 $19) (25. Bb6 Rxa3 26. bxa3 Nb5 27. Qxb3 Nxa3+ $19)
25... Rc8 26. Qxe7 {Nincs más,} (26. Qb6 {-ra} Nc4 27. Qxb3 Nxa3+ 28. bxa3 Rxa3
29. Qb2 Rb8 30. Bb6 Ra6 31. e5 Ra1+ 32. Qxa1 Rxb6+ 33. Kc2 Qxg2+ 34. Kc3 dxe5
$19 {nyert volna.}) 26... Nc4 $1 27. g6 {Látványos taktikai motívumkban
bõvelkedik az állás.} (27. Bd4 Rxa3 28. bxa3 Nxa3+ 29. Kb2 Nc4+ 30. Kc3 Qa5+
31. Kd3 Qa2 32. Bc5 Qc2+ 33. Kd4 Qf2+ 34. Kc3 Qxc5 $19) (27. Bc1 Qc6 $19) (27.
Bc5 $5 Rxa3 28. bxa3 Rxc5 29. a4 Na3+ 30. Kb2 Rc2+ 31. Kxa3 Qb8 $1) 27... hxg6
28. fxg6 Nxa3+ 29. bxa3 Rxa3 30. gxf7+ (30. Qxf7+ Kh8 31. Bd4 Ra1+ 32. Bxa1
Qa2#) 30... Kh7 31. f8=N+ Rxf8 32. Qxf8 Ra1+ 33. Kb2 Ra2+ 34. Kc3 (34. Kxb3
Qa4+ 35. Kc3 Rc2+ 36. Kd3 Qc4#) 34... Qa5+ 35. Kd3 Qb5+ 36. Kd4 (36. Kc3 Rc2+
37. Kd4 Qc4#) 36... Ra4+ 37. Kc3 Qc4+ (37... Qc4+ 38. Kd2 Ra2+ 39. Ke1 Qe2#)
0-1

[Event "Morelia/Linares "]
[Site "Morelia/Linares"]
[Date "2007.??.??"]
[Round "10"]
[White "Anand, V."]
[Black "Carlsen, M."]
[Result "1-0"]
[WhiteElo "2779"]
[BlackElo "2690"]
[PlyCount "75"]
[EventDate "2007.??.??"]
[EventType "tourn"]
[EventRounds "14"]
[EventCountry "ESP"]
[EventCategory "20"]

1. e4 e5 2. Nf3 Nc6 3. Bb5 a6 4. Ba4 Nf6 5. O-O Be7 6. Re1 b5 7. Bb3 d6 8. c3
O-O 9. h3 Na5 10. Bc2 c5 11. d4 Nd7 12. d5 {Carlsen meglepte Anandot a
változattal, és a rutinos exvilágbajnok emlékezett Lékó-receptjére, amit
Mamedgyarov ellen játszott meg a moszkvai Tal-emlékversenyen.} Nb6 13. Nbd2 g6
{Korai még} (13... f5 14. exf5 Bxf5 15. Bxf5 Rxf5 16. Ne4 {és a huszár uralja
a táblát.}) 14. b4 cxb4 15. cxb4 Nac4 16. Nxc4 Nxc4 17. Bb3 {Nagymesterünk 17.
Fh6-tal folytatta. Anand fölöslegesnek ítélte a bástya megtámadását.} Nb6 18.
Be3 Bd7 19. Rc1 Rc8 {Anand 19...Vb8!? és Vb7, Bac8 tervet javasolta.} 20. Rxc8
Bxc8 21. Qc2 Bd7 22. Rc1 Na8 {Sötétnek védekeznie kellett a világos vezér
betörése ellen.} (22... Qb8 $2 {-ra} 23. Qc7 Rc8 24. Qxb8 Rxb8 25. Bxb6 Rxb6
26. Rc7 {tisztete nyert volna.}) 23. Qd2 $1 {Elõnyt biztosít világosnak} (23.
Ne1 $5 Bg5 24. Qd2 Bxe3 25. Qxe3 Qb8 (25... f5 26. Nf3 fxe4 27. Ng5) 26. f4 {
is, de a játszmafolytatás még erõseb.}) 23... Qb8 (23... f6 24. Ne1) 24. Bg5 $1
Bxg5 {Megyengülnek a sötét táborban a sötét mezõk.} (24... Qd8 25. Qe3 Bxg5 26.
Nxg5 Qe7 27. f4 {-gyel világos kedeményez.}) (24... Bd8 25. Bxd8 Qxd8 26. Qh6
f6 (26... Qf6 27. Ng5 Qg7 28. Qh4 Rc8 (28... Re8 29. Ne6) (28... Kh8 29. Nxh7
Qxh7 30. Qe7) 29. Rxc8+ Bxc8 30. Nxh7 {nyer.}) 27. Rc6 $1 Bc8 28. h4 $1 Rf7 29.
h5 Rg7 (29... g5 30. Nxg5 fxg5 31. Rxd6) 30. hxg6 hxg6 31. Nh4 g5 32. Nf5 Bxf5
33. exf5 {is világosra elõnyös.}) ({Azonnal vesztett} 24... f6 $2 25. Nxe5 $1
dxe5 26. d6+ Rf7 27. dxe7 fxg5 28. Qxd7 {és sötét kapitulálhat.}) 25. Nxg5 Rc8
$6 {Fölös volt a bástyacserét felajánlani,} (25... Nb6 26. f4 h6 27. Ne6 Rc8
28. Rf1 {volt világos terve.}) 26. Rf1 $1 h6 27. Ne6 $1 {Szép lépés, öröm
ilyet meghúzni.} Kh7 $1 {A tisztáldozatot nem lehetett elfogadni.} (27... fxe6
28. dxe6 Be8 29. Qxh6 $1 {Kevésbé meggyõzõ} (29. e7+ Kg7 30. Qd5 Rc4 31. Bxc4
bxc4 32. Qxc4 Nc7 33. Rc1 Nb5 34. Qc8 Qxc8 35. Rxc8 Kf7 36. Ra8 Kxe7 37. Rxa6
Nc3 {folytatás.}) 29... Nb6 30. e7+ Nc4 31. Qf8+ Kh7 32. f4 (32. Bd1 $1 Bc6 33.
Qf7+ Kh6 34. f4 Rg8 35. fxe5 Nxe5 36. Qf8+ Kh7 37. Rf4 Rxf8 38. exf8=Q Qxf8 39.
Rxf8 {is jó.}) 32... Qa8 33. Rf3 $1 Qxe4 34. f5 gxf5 35. Rg3 {nyer.}) 28. f4
Qa7+ 29. Kh2 Be8 {A huszár még mindig tabu.} (29... fxe6 30. dxe6 Be8 31. f5
gxf5 (31... Qd4 32. Qxd4 exd4 33. f6 Nb6 34. f7 Bxf7 35. Rxf7+ Kg8 36. Rd7 Nc4
37. e7 Re8 38. Rxd6 Rxe7 39. Rxd4 Rc7 40. Rd6) 32. exf5 Qd4 33. Qxd4 {A csere
simán nyer, de} (33. Qe1 e4 34. Qh4 Qe5+ 35. Kg1 e3 36. Qe7+ Qg7 37. Qxg7+ Kxg7
38. f6+ Kg8 39. Rf3 {változatban sincs mentség sötétnek.}) 33... exd4 34. f6
Nb6 35. f7 Bxf7 36. exf7 Rf8 37. Be6 Nc4 38. Rd1 Ne5 39. Rxd4 Nxf7 40. Rf4 (40.
Bxf7 Rxf7 41. Rxd6 Rf4 42. a3 a5 43. bxa5 Ra4) 40... Kg7 41. Bxf7 Rxf7 42.
Rxf7+ Kxf7 43. Kg3 Ke6 44. Kf3 Ke5 45. g4 d5 46. h4 d4 47. g5 hxg5 48. hxg5 Kf5
49. g6 Kxg6 50. Ke4) 30. f5 gxf5 31. exf5 {Jó volt} (31. Ng5+ Kg8 32. exf5 {is.
}) 31... f6 32. Re1 {A bástya a negyedik sorn kapcsolódik be a király elleni
támadásba.} Nc7 {Sötét nem menekülhet a} (32... Nb6 33. Re4 h5 (33... Bf7 34.
Rg4 Rg8 35. Rh4 h5 36. Bd1) (33... Nc4 34. Nf8+) 34. Rh4 Qb7 35. Qf2 {
változatban sem.}) 33. Rc1 $1 Bd7 34. Rc3 e4 35. Rg3 {Elég meggyõzõ volt} (35.
Qc1 Nxe6 36. fxe6 Rxc3 37. Qxc3 Be8 38. Qxf6) 35... Nxe6 36. dxe6 Be8 37. e7 $1
Bh5 38. Qxd6 (38. Qxd6 Re8 39. Qxf6 Qxe7 40. Bg8+) 1-0